000 00623nam a22002177a 4500
005 20170124110053.0
010 _a184186
020 _c00.300
035 _a184186
037 _bCen Lib/Ret
082 _a685.85
_bROT
100 _aRoth, Charles B.
_925828
245 _aHow to find and qualify prospects and get interviews /
_cby Charles B. Roth
250 _a2nd ed
260 _aNew Jersey
_bPrintice Hall
_c1960
270 _bNew Jersey
300 _axv, 223p. ;
_c21cm(Hb)
_bill.
650 _aFinding prospects
_925829
650 _aInterviews
_9102229
942 _2ddc
_cEN
_h658.85
_mROT
999 _c129247
_d129247